000 00439nam a2200169Ia 4500
999 _c163
_d163
003 OSt
005 20201223110330.0
008 190216s9999||||xx |||||||||||||| ||und||
040 _coclc
082 _a297.122
_bQUR/T
100 _aNull
245 0 _aTafseerul Qur`an Al-Aleem /
260 _bIslamic Studies,
_aNew Delhi:
300 _a881p
650 _aArabic
942 _cREF
_2ddc
_h297.122
_iQUR/T
_k297.122
_mQUR/T